| 000 | 00750nam a22002417a 4500 | ||
|---|---|---|---|
| 008 | 131130b xxu||||| |||| 00| 0 eng d | ||
| 020 | _a0-7172-0131-7 | ||
| 024 | _cAvailable | ||
| 037 | _cAvailable | ||
| 040 |
_aMBSTU LIBRARY _dMBSTU LIBRARY |
||
| 082 |
_222 _a903 ENC |
||
| 110 | _aEncyclopedia American Corporation. | ||
| 245 | _aThe encyclopedia Americana . | ||
| 260 |
_aNew York _bEncyclopedia American Corporation. _c1999 |
||
| 300 |
_a26 cm. _b888 page _f30 _g26 cm. |
||
| 600 | _2Encyclopedias. | ||
| 650 | _2Encyclopedias. | ||
| 710 | _aEncyclopedia American Corporation. | ||
| 270 |
_aNew York _bNew York _dIndia |
||
| 365 |
_b2100.00 _d2100.00 |
||
| 942 |
_2ddc _cBK |
||
| 999 |
_c911 _d911 |
||